000 00429nam a22001697a 4500
005 20180813141231.0
008 160615b xxu||||| |||| 00| 0 eng d
020 _a81-259-1218-5
041 _aeng
082 _b7734
_a658.421
100 _aPandit, Dr. Vaijayanti
_91633
245 _aBusiness Home
260 _aNew Delhi
_bVikas Publishing House (P) Ltd.
_c2003
300 _a289p,
650 _aManagement
_9241
942 _cBK
999 _c2766
_d2765